000 00664nam a2200217Ii 4500
003 JO-AjNU
008 230605s9999||||xx |||||||||||||| ||und||
017 _a2009/6/2392
040 _aJO-AjNU
_bara
_erda
_cJO-AjNU
041 _aara
050 1 4 _aPJ7862 2010
100 3 _aتأليف النمري، سليم خليل,
_eauthor
_947739
245 0 0 _aديوان الروح
250 _aط1
264 3 1 _aإربد:عالم الكتب الحديث،2009
300 _a64ص
336 _atext
_btxt
_2rdacontent
337 _aunmediated
_bn
_2rdamedia
338 _avolume
_bnc
_2rdacarrier
650 4 _aالشعر العربي - العصر الحديث
_947740
999 _aA20861
_c24429
_d24429